000 00890nam a22002537a 4500
001 BR2013004630
003 BR-BrBNA
005 20230928104209.0
007 ta
008 230509b bl.||||| |||| 00| 0 por d
040 _aBR-BrBNA
_bpor
_cBiblioteca Nacional de Agricultura
041 _a(Por)
072 _aQ04
_b9430
090 _ 9430 BR2013004630
110 1 _aMinistério da Agricultura e Reforma Agrária, Brasília, DF (Brasil). Coord. Geral de Inspeção de Produtos de Origem Animal
_97207
245 1 _aPadrão de identidade e qualidade para queijo ralado
_bResolução CIPOA 005 de 19/11/91 encaminhada pelo ofício circular, CIPOA 011 de 20/11/91
260 3 _aBrasília, DF (Brasil):
_c1991.
300 _a7 p.
650 _aPADRÃO DE ALIMENTO
650 _aQUEIJO RALADO
650 _aINSPEÇÃO SANITÁRIA
909 _a202309
_bLucia
_c55
_dLucia Elande
942 _cBK
999 _c78638
_d78638